000 00563nam a2200193Ia 4500
005 20250326142251.0
008 250326s9999 xx 000 0 und d
020 _a0-471-83022-4
037 _aTextbook
040 _aFMSL
_beng
_cFMSL
041 _aeng
_2eng
084 _aX:74obR4 M6
_qFMSL
100 _aToffler Barbara Ley
_9745842
245 0 _aTough choices : managers talk ethics
_cToffler Barbara Ley
260 _aNew York
_bNew York, Johan Wiley
_c1986
300 _axiv,387
942 _cTB
_hX:74obR4 M6
999 _c1294210
_d1294210